000 00298nam a2200121Ia 4500
008 191201s2011 xx 000 0 und d
100 _aJAIN,Saurabh
245 0 _aIntroduction to Biotechnology
260 _aN. Delhi
_bProfessional Pub
_c2011
300 _a382
650 _aApplied
942 _2ddc
_cBK
999 _c5175
_d5175